000 00641nam a2200205 a 4500
003 OSt
005 20150210182041.0
008 091214s1990 mex 000 1 spa d
020 _a968-432-802-8
040 _cBMC
082 _a891
245 0 0 _aVoces de oriente
_b: antología de textos literarios del cercano Oriente
_ctraducciones, introducciones y notas de Angel María Garibay K.
250 _a4ª ed
260 _aMéxico D.F.
_bPorrúa
_c1964
300 _a198 p.
_c22 cm
490 0 _aSepan cuantos...
_v27
650 2 4 _930594
_aLiteratura oriental
700 1 _aGaribay K., Ángel María
_d1892-1967
_930562
942 _2ddc
_cBK
999 _c17621
_d17621